| 000 | 00480nam a2200157 4500 | ||
|---|---|---|---|
| 008 | 0 1995 0a 000 0MEX | ||
| 020 | _a968-880-511-4 | ||
| 050 | _aTK5105.7 S83618 | ||
| 082 | _a001.644.04 S865t | ||
| 100 | _aStoltz, Kevin | ||
| 245 | _aTodo acerca de las Redes de Computadoras / Kevin Stoltz | ||
| 260 | _aMéxico : Prentice-Hall | ||
| 300 | _axiii, 518 p. / 24 cm. | ||
| 500 | _aContiene Ap‚ndice, Glosario e Indice | ||
| 650 | _a1.RED DE AREA LOCAL | ||
| 999 |
_c12772 _d12772 |
||